The effective use of the media in serious crime investigations
| Autor principal: | |
|---|---|
| Tipo de documento: | Print Libro |
| Lenguaje: | Inglés |
| Publicado: |
London
Home Office, Research, Development and Statistics Directorate
1999
|
| En: |
Police research series (120)
Año: 1999 |
| Disponibilidad en Tübingen: | Disponible en Tübingen. IFK: S 154 120 UB: KB 8 E 8311 |
| Verificar disponibilidad: | HBZ Gateway |
| Servicio de pedido Subito: | Pedir ahora. |
MARC
| LEADER | 00000cam a2200000 c 4500 | ||
|---|---|---|---|
| 001 | 1154298000 | ||
| 003 | DE-627 | ||
| 005 | 20251225181411.0 | ||
| 007 | tu | ||
| 008 | 000404s1999 xx ||||| 00| ||eng c | ||
| 020 | |a 1840823828 |9 1-84082-382-8 | ||
| 035 | |a (DE-627)1154298000 | ||
| 035 | |a (DE-576)084298006 | ||
| 035 | |a (DE-599)BSZ084298006 | ||
| 035 | |a (OCoLC)44110351 | ||
| 040 | |a DE-627 |b ger |c DE-627 |e rakwb | ||
| 041 | |a eng | ||
| 082 | 0 | |a 363.25 | |
| 100 | 1 | |a Feist, Andy |4 aut | |
| 245 | 1 | 4 | |a The effective use of the media in serious crime investigations |c Andy Feist |
| 264 | 1 | |a London |b Home Office, Research, Development and Statistics Directorate |c 1999 | |
| 300 | |a XI, 41 S. | ||
| 336 | |a Text |b txt |2 rdacontent | ||
| 337 | |a ohne Hilfsmittel zu benutzen |b n |2 rdamedia | ||
| 338 | |a Band |b nc |2 rdacarrier | ||
| 490 | 1 | |a Police research series |v 120 | |
| 583 | 1 | |a Archivierung prüfen |c 20200919 |f DE-640 |z 3 |2 pdager | |
| 830 | 0 | |a Police research series |v 120 |9 120 |w (DE-627)1102721352 |w (DE-576)032721358 |7 am | |
| 951 | |a BO | ||
| ELC | |b 1 | ||
| LOK | |0 000 xxxxxcx a22 zn 4500 | ||
| LOK | |0 001 2375994124 | ||
| LOK | |0 003 DE-627 | ||
| LOK | |0 004 1154298000 | ||
| LOK | |0 005 20010212000000 | ||
| LOK | |0 008 000407||||||||||||||||ger||||||| | ||
| LOK | |0 040 |a DE-21 |c DE-627 |d DE-21 | ||
| LOK | |0 852 |a DE-21 | ||
| LOK | |0 852 1 |c KB 8 E 8311 |9 00 | ||
| LOK | |0 935 |a krim | ||
| LOK | |0 936ln |a k7.3.3.5 | ||
| LOK | |0 939 |a 07-04-00 |b l01 | ||
| LOK | |0 000 xxxxxcx a22 zn 4500 | ||
| LOK | |0 001 2375994132 | ||
| LOK | |0 003 DE-627 | ||
| LOK | |0 004 1154298000 | ||
| LOK | |0 005 20020220000000 | ||
| LOK | |0 008 020220||||||||||||||||ger||||||| | ||
| LOK | |0 040 |a DE-21-110 |c DE-627 |d DE-21-110 | ||
| LOK | |0 852 |a DE-21-110 | ||
| LOK | |0 852 1 |c S 154 120 |m p |9 00 | ||
| LOK | |0 935 |a k110 | ||
| LOK | |0 938 |k p | ||
| LOK | |0 939 |a 20-02-02 |b l01 | ||
| ORI | |a SA-MARC-krimdoka001.raw | ||
| SIG | |a IFK: S 154 120 | ||
| SIG | |a UB: KB 8 E 8311 | ||
